000 00312nam a2200121Ia 4500
008 220204s9999 xx 000 0 und d
082 _a330.19
_bBHA;1
100 _aBHATIA, B M
245 0 _aPoverty agriculture and economic growth
260 _aNew Delhi
_bVikas
_c1977
650 _aEconomic growth
942 _cBK
999 _c25378
_d25378